Một số vấn đề về điều khiển tối ưu các quá trình khuếch tán : Luận văn Thạc sĩ Toán học chuyên ngành: Lý thuyết xác suất và thống kê toán học

Nội dung trình bày những kiến thức cơ bản về ngẫu nhiên, quá trình tương thích lọc, tích phân ngẫu nhiên, phương trình vi phân ngẫu nhiên, thời điểm dừng, sự khả thích đều. Quá trình khuyết tán và các tính chất cơ bản của nó. Điều khiể...

Disgrifiad llawn

Wedi'i Gadw mewn:
Manylion Llyfryddiaeth
Prif Awdur: Nguyễn, Chí Minh Trung
Fformat: Llyfr
Iaith:Undetermined
Cyhoeddwyd: Cần Thơ Trường Đại học Cần Thơ 2011
Pynciau:
Tagiau: Ychwanegu Tag
Dim Tagiau, Byddwch y cyntaf i dagio'r cofnod hwn!
Thư viện lưu trữ: Trung tâm Học liệu Trường Đại học Cần Thơ
LEADER 01302nam a2200217Ia 4500
001 CTU_167448
008 210402s9999 xx 000 0 und d
082 |a 519.5 
082 |b Tr513 
088 |a 604615 
100 |a Nguyễn, Chí Minh Trung 
245 0 |a Một số vấn đề về điều khiển tối ưu các quá trình khuếch tán : 
245 0 |b Luận văn Thạc sĩ Toán học chuyên ngành: Lý thuyết xác suất và thống kê toán học 
245 0 |c Nguyễn Chí Minh Trung ; Dương Tôn Đảm ( hướng dẫn khoa học ) 
260 |a Cần Thơ 
260 |b Trường Đại học Cần Thơ 
260 |c 2011 
520 |a Nội dung trình bày những kiến thức cơ bản về ngẫu nhiên, quá trình tương thích lọc, tích phân ngẫu nhiên, phương trình vi phân ngẫu nhiên, thời điểm dừng, sự khả thích đều. Quá trình khuyết tán và các tính chất cơ bản của nó. Điều khiển tối ưu quá trình khuếch tán 
650 |a Mathematical statistics,Toán xác suất thống kê 
904 |i Qhieu 
980 |a Trung tâm Học liệu Trường Đại học Cần Thơ